Alternations of adaptable properties of pigment-forming yeasts grown under stress conditions ( Zmeny adaptačných vlastností pigmentotvorných kvasiniek v stresových podmienkach + CD-ROM
Uložené v:
| Hlavný autor: | |
|---|---|
| Médium: | Kniha |
| Jazyk: | English |
| Vydavateľské údaje: |
Bratislava
STU v Bratislave FCHPT
2005
|
| On-line prístup: | View in OPAC |
| Tagy: |
Žiadne tagy, Buďte prvý, kto otaguje tento záznam!
|
MARC
| LEADER | 00000nam a2200000 a 4500 | ||
|---|---|---|---|
| 005 | 20260127134241.0 | ||
| 008 | 050630 2005 xo 000 0 eng d | ||
| 035 | |a vtls008181988 | ||
| 039 | 9 | |y 200506301149 |z mschk03 | |
| 040 | |a STUSCHK1 |b slo |c STUSCHK1 |e AACR2 | ||
| 100 | 1 | |a Oláhová, Monika | |
| 245 | 1 | |a Alternations of adaptable properties of pigment-forming yeasts grown under stress conditions ( Zmeny adaptačných vlastností pigmentotvorných kvasiniek v stresových podmienkach |b + CD-ROM | |
| 260 | |a Bratislava |b STU v Bratislave FCHPT |c 2005 | ||
| 300 | |a 83 s. | ||
| 500 | |a Obháj.: 7.6. 2005 | ||
| 500 | |a Špec.: Biotechnológia | ||
| 910 | |a SCHK95 | ||
| 999 | |c 7839 |d 7839 | ||